00725nam a22002177a 4500003000500000005001700005008004100022010001000063011001000073035001000083040000900093100003300102245008000135260004000215300002100255502009900276650005700375650002000432650002100452700003400473CHAP20220329135750.0971013s1995 r 00010 d a41724 a42696 a46825 cCHAP00aRodríguez Narciso, Alvaro. aPlanificación y organización del área de mantenimiento y reparación aChapingo, Méx. :bEl autor,c1995 a107 h.b; anexos aTesis (Ing. Mecánico Agrícola) -- UACH. Departamento de Ingeniería Mecánica Agrícola14aMaquinaria agrícolaxMantenimiento y reparación.14aOrganización.14aPlanificación.0 aAlbanil Cortes, Jose Eduardo.